Informe gestión institucional anual 1997 (Registro nro. 6245)

Detalles MARC
000 -CABECERA
Campo de control 00652nam a2200205 a 4500
005 - FECHA Y HORA DE LA ULTIMA TRANSACCION
Campo de control 20250429170143.0
008 - ELEMENTOS DE LONGITUD FIJA—INFORMACION GENERAL
Campo de control 171211b xxu||||| |||| 00| 0 spa d
040 ## - FUENTE DE CATALOGACIÓN
Agencia catalogadora original CO-BoIAVH
Agencia transcriptora CO-BoIAVH
041 ## - IDIOMA
Código de idioma para texto/pista de sonido o título separado Español
090 ## - CLASIFICACIÓN LOCAL
Colección IAVH
Consecutivo 0003
110 ## - ASIENTO PRINCIPAL--NOMBRE CORPORATIVO
Unidad subordinad Instituto de Investigación de Recursos Biológicos Alexander von Humboldt
9 (RLIN) 204
245 ## - MENCION DE TITULO
Título Informe gestión institucional anual 1997
260 ## - PUBLICACION, DISTRIBUCION, ETC. (PIE DE IMPRENTA)
Lugar de publicación, distribución, etc. Bogotá
Nombre del editor, distribuidor, etc. Instituto Alexander von Humboldt
Fecha de publicación, distribución, etc. 1997
300 ## - DESCRIPCION FISICA
Extensión 53 páginas
650 16 - ASIENTO SECUNDARIO DE MATERIA - TERMINO TEMATICO
Término temático o nombre geográfico como elemento de entrada Inventarios de biodiversidad
9 (RLIN) 4700
650 16 - ASIENTO SECUNDARIO DE MATERIA - TERMINO TEMATICO
Término temático o nombre geográfico como elemento de entrada Uso y valoración
9 (RLIN) 87700
650 16 - ASIENTO SECUNDARIO DE MATERIA - TERMINO TEMATICO
Término temático o nombre geográfico como elemento de entrada Política
9 (RLIN) 87701
650 16 - ASIENTO SECUNDARIO DE MATERIA - TERMINO TEMATICO
Término temático o nombre geográfico como elemento de entrada Biología
9 (RLIN) 92
942 ## - ELEMENTOS ADICIONALES (KOHA)
Tipo de ítem Informe Técnico
Koha issues (borrowed), all copies 3
Sistema de clasificación Local
Existencias
Withdrawn status Lost status Sistema de Clasificación Damaged status No para préstamo Colección Ubicación Permanente Ubicación actual Fecha de adquisición Precio Total Checkouts Número topográfico Inventario / Código de Barras Date last seen Ejemplar Price effective from Tipo de material Forma de adquisición Date checked out
Retirado   Dewey Decimal Classification     Entomología Villa de Leyva Bogotá 01/09/2004 30000.00   IAVH-00006 1997 003933 04/12/2012 Ej.1 04/12/2012 Libro    
    Dewey Decimal Classification     Humboldt Bogotá Bogotá 18/07/2014 30000.00   IAvH-IA-0003 015476 04/12/2012 Ej. 3 04/12/2012 Informe Técnico Institucional  
Retirado   Dewey Decimal Classification     Humboldt Bogotá Bogotá 18/07/2014 30000.00   IAvH-IA-0003 016605 04/12/2012 Ej. 4 04/12/2012 Informe Técnico Institucional  
    Local     Humboldt Bogotá Bogotá 01/09/2004 30000.00 1 IAvH-IA-0003 015817 06/07/2016 Ej. 2 04/12/2012 Informe Técnico Institucional 23/06/2016
    Local     Humboldt Bogotá Bogotá 01/09/2004 30000.00 3 IAvH-IA-0003 015818 06/09/2018 Ej. 1 04/12/2012 Informe Técnico Institucional 03/09/2018
Retirado   Dewey Decimal Classification     Humboldt Bogotá Bogotá 15/11/2019     IAvH-IA-0003 043806 15/11/2019 Ej.5 15/11/2019 Informe Técnico Institucional